00433nam a2200169Ia 4500008004100000020001800041245002800059245005500087260001500142260001800157260000900175300001600184300002500200300001000225440002000235500000800255170705s9999 xx 000 0 und d a9780736423717 4aThe trouble with tink / cKiki Thorpe ; illustrated by Judith Holmes Clarke. aNew York : bRandom House, c2006 a109 pages : bcolor illustration ; c19cm. aDisney fairies. a690